A reconnaissance of the Jarbidge, Contact and Elk Mountain mining districts, Elko County, Nevada / (Record no. 25136)

MARC details
000 -LEADER
fixed length control field 00910cam a22002651i 4500
001 - CONTROL NUMBER
control field gs 12000256
003 - CONTROL NUMBER IDENTIFIER
control field DLC
005 - DATE AND TIME OF LATEST TRANSACTION
control field 20260227111312.0
008 - FIXED-LENGTH DATA ELEMENTS--GENERAL INFORMATION
fixed length control field 790702s1912 dcuabf f000 0 eng
010 ## - LIBRARY OF CONGRESS CONTROL NUMBER
LC control number gs 12000256
035 ## - SYSTEM CONTROL NUMBER
System control number (OCoLC)5130412
040 ## - CATALOGING SOURCE
Original cataloging agency DLC
Transcribing agency ICharE
Modifying agency DLC
042 ## - AUTHENTICATION CODE
Authentication code premarc
043 ## - GEOGRAPHIC AREA CODE
Geographic area code n-us-nv
050 00 - LIBRARY OF CONGRESS CALL NUMBER
Classification number QE75
Item number .B9 no. 497
051 ## - LIBRARY OF CONGRESS COPY, ISSUE, OFFPRINT STATEMENT
Classification number TN24.N3
Item number S3
Copy information Copy 2.
100 1# - MAIN ENTRY--PERSONAL NAME
Personal name Schrader, Frank Charles,
Dates associated with a name 1860-1944.
245 12 - TITLE STATEMENT
Title A reconnaissance of the Jarbidge, Contact and Elk Mountain mining districts, Elko County, Nevada /
Statement of responsibility, etc. by F.C. Schrader.
260 ## - PUBLICATION, DISTRIBUTION, ETC.
Place of publication, distribution, etc. Washington,
Name of publisher, distributor, etc. Govt. Print. Off.,
Date of publication, distribution, etc. 1912.
300 ## - PHYSICAL DESCRIPTION
Extent 162 p. :
Other physical details ill., plates (part col.) fold. maps
Dimensions 24 cm.
490 1# - SERIES STATEMENT
Series statement U.S. Geological survey. Bulletin 497
650 #0 - SUBJECT ADDED ENTRY--TOPICAL TERM
Topical term or geographic name entry element Mines and mineral resources
Geographic subdivision Nevada.
650 #0 - SUBJECT ADDED ENTRY--TOPICAL TERM
Topical term or geographic name entry element Geology
Geographic subdivision Nevada.
810 1# - SERIES ADDED ENTRY--CORPORATE NAME
Corporate name or jurisdiction name as entry element United States.
Subordinate unit Geological Survey.
Title of a work Bulletin ;
Volume/sequential designation 497.

No items available.

Powered by Koha